000 00692nam a22002057a 4500
003 koha_MIRAKIL
005 20250610144658.0
008 250610b eng||||| |||| 00| 0 eng d
020 _a9780064440196
040 _aTR-IsEVY
_btur
_cTR-IsEVY
082 _a420 PAR/A
100 _aParish, Peggy
245 0 _aAmelia Bedelia and the surprise shower /
_cPeggy Parish ; pictures by Barbara Siebel Thomas.
260 _aNew York :
_bHarper Collins Publishers,
_c1996.
300 _a64 p. :
_bcolour pictures ;
_c23 cm.
490 0 _aI can read ;
_v2.
650 _aEnglish Education.
_vChildren's literature.
_vReading Books.
700 1 _aThomas, Barbara Siebel.
_cpictures.
942 _2ddc
_cBK
999 _c22486
_d22486